[Event "17.Città di Padova Open A"]
[Site "Padova"]
[Date "2014.12.16"]
[Round "3.21"]
[White "Dragojlovic, Andjelko"]
[Black "Benetti, Lorenzo"]
[Result "1-0"]
[WhiteElo "2321"]
[BlackElo "1854"]
[Annotator "Gabriele Ballarin"]
[PlyCount "75"]
[EventDate "2014.12.14"]
[EventType "swiss"]
[EventRounds "9"]
[EventCountry "ITA"]

1. e4 d6 2. d4 Nf6 3. Nc3 g6 4. Be2 Bg7 5. h4 Nbd7 6. h5 gxh5 7. Bxh5 c5 8. d5 Qa5 9. Bd2 Ne5 10. Be2 Bd7 11. Nf3 Ng6 12. Nh4 Ne5 13. f4 Neg4 14. Nf5 Bxf5 15. exf5 Nh6 16. g4 Nd7 17. Bb5 Qb4 18. Qe2 a6 19. Bxd7+ Kxd7 20. O-O-O Rae8 21. a3 Qb6 22. Rh4 Ng8 23. g5 h6 24. Rdh1 Bd4 25. Nd1 e6 26. dxe6+ fxe6 27. f6 Nxf6 28. gxf6 Bxf6 29. Rxh6 Rhf8 30. Bc3 Bxc3 31. Nxc3 Rxf4 32. Rxe6 Rxe6 33. Rh7+ Kc6 34. Qxe6 Rf1+ 35. Nd1 Qd8 36. Qe4+ d5 37. Qe6+ Kb5 38. Qe2+ 1-0

[Event "17.Città di Padova Open A"]
[Site "Padova"]
[Date "2014.12.16"]
[Round "3.22"]
[White "Viaggi, Stefano"]
[Black "Brunello, Marina"]
[Result "0-1"]
[WhiteElo "2058"]
[BlackElo "2254"]
[Annotator "Gabriele Ballarin"]
[PlyCount "136"]
[EventDate "2014.12.14"]
[EventType "swiss"]
[EventRounds "9"]
[EventCountry "ITA"]

1. Nf3 d5 2. g3 Nf6 3. Bg2 c6 4. O-O Bf5 5. d3 e6 6. Nbd2 Nbd7 7. b3 Be7 8. Bb2 O-O 9. c4 h6 10. a3 a5 11. Rc1 Bh7 12. Rc2 Bd6 13. Qa1 Qe7 14. Rfc1 Rfe8 15. Bh3 Qf8 16. Nh4 Rad8 17. Bg2 Ng4 18. h3 Ngf6 19. Re1 e5 20. cxd5 cxd5 21. e4 Nc5 22. Rxc5 Bxc5 23. Bxe5 Re6 24. Bxf6 Rxf6 25. d4 dxe4 26. Nxe4 Bxe4 27. Rxe4 Bxa3 28. Nf3 Rc6 29. Re1 Rdc8 30. Qd1 Bb4 31. Rf1 Rc2 32. Qd3 R2c3 33. Qb5 Qe7 34. Ne5 R3c7 35. Bd5 Qe8 36. Qd3 Qd8 37. Qf3 Qf6 38. Qe4 Bd6 39. Bxb7 Re8 40. f4 Rc3 41. Rf3 Bxe5 42. dxe5 Qb6+ 43. Kg2 Rxb3 44. Rxb3 Qxb3 45. Bd5 Qb2+ 46. Kf3 Qc3+ 47. Kg4 Qb4 48. Qf5 Qe7 49. h4 Rd8 50. Bb3 Rb8 51. Bd5 a4 52. h5 a3 53. e6 fxe6 54. Bxe6+ Kh8 55. Qd5 Re8 56. Bf7 Rd8 57. Qb3 Qe2+ 58. Kh3 Ra8 59. Qd5 Qa6 60. Qa2 Qc8+ 61. g4 Qc3+ 62. Kh4 Qe1+ 63. Kh3 Qe3+ 64. Kh4 Qxf4 65. Bg6 Qg5+ 66. Kh3 Qe3+ 67. Kh4 Rc8 68. Qf7 Qe1+ 0-1

[Event "17.Città di Padova Open A"]
[Site "Padova"]
[Date "2014.12.16"]
[Round "3.23"]
[White "Messina, Roberta"]
[Black "Marguerettaz, Davy"]
[Result "0-1"]
[WhiteElo "2033"]
[BlackElo "2223"]
[Annotator "Gabriele Ballarin"]
[PlyCount "90"]
[EventDate "2014.12.14"]
[EventType "swiss"]
[EventRounds "9"]
[EventCountry "ITA"]

1. c4 e6 2. d4 d5 3. Nf3 Nf6 4. g3 Be7 5. Bg2 c6 6. O-O O-O 7. Qc2 b6 8. Rd1 Bb7 9. Nc3 Nbd7 10. Bg5 Rc8 11. e4 c5 12. exd5 exd5 13. dxc5 Rxc5 14. cxd5 Nxd5 15. Bxe7 Qxe7 16. Qd3 N7f6 17. Re1 Qc7 18. Na4 Ra5 19. Rac1 Qb8 20. b3 Qa8 21. Nh4 Nb4 22. Qd2 Bxg2 23. Nxg2 Nc6 24. Qd6 Ne5 25. Rxe5 Ne4 26. Qd4 Ng5 27. Ne1 Nh3+ 28. Kf1 Rxe5 29. Qxe5 Re8 30. Rc8 Rxc8 31. Ng2 Rc1+ 32. Ke2 Rc2+ 33. Kd3 Rxf2 34. Nh4 Qd8+ 35. Kc4 Rc2+ 36. Kb4 Ng5 37. Nf5 Ne6 38. Nc3 a5+ 39. Ka3 Qf8+ 40. Nd6 Rxc3 41. Qxc3 Qxd6+ 42. Kb2 Qd4 43. Qxd4 Nxd4 44. Kc3 Nb5+ 45. Kc4 Nc7 0-1

[Event "17.Città di Padova Open A"]
[Site "Padova"]
[Date "2014.12.16"]
[Round "3.24"]
[White "Vizireanu, Dragos"]
[Black "Santeramo, Alessia Carmen"]
[Result "1-0"]
[WhiteElo "1858"]
[BlackElo "2203"]
[Annotator "Gabriele Ballarin"]
[PlyCount "89"]
[EventDate "2014.12.14"]
[EventType "swiss"]
[EventRounds "9"]
[EventCountry "ITA"]

1. e4 c5 2. Nf3 e6 3. d4 cxd4 4. Nxd4 a6 5. Nc3 Qc7 6. Bd3 Nf6 7. Qe2 d6 8. Be3 Nbd7 9. f4 b5 10. O-O Bb7 11. Bd2 Nc5 12. b4 Ncd7 13. a4 bxa4 14. Nxa4 Be7 15. Nb3 O-O 16. Na5 Bc8 17. Ra3 Bb7 18. f5 d5 19. Nxb7 Qxb7 20. e5 Ne4 21. Bxe4 dxe4 22. f6 Bxb4 23. Rb3 a5 24. Rg3 g6 25. Bxb4 Qxb4 26. c3 Qb8 27. Qxe4 Qxe5 28. Qh4 Rab8 29. Rd3 Nxf6 30. Qxf6 Qb5 31. Rd4 Qe2 32. Rd7 Qe3+ 33. Kh1 Qh6 34. Rxf7 Rxf7 35. Qxf7+ Kh8 36. Qxe6 Rf8 37. Qe5+ Kg8 38. Rxf8+ Qxf8 39. h3 Qa3 40. Nc5 a4 41. Qe8+ Kg7 42. Qd7+ Kh6 43. Qd2+ Kh5 44. Ne4 Qe7 45. Ng3+ 1-0

[Event "17.Città di Padova Open A"]
[Site "Padova"]
[Date "2014.12.16"]
[Round "3.25"]
[White "Baschirotto, Marco Dante"]
[Black "Petkov, Vladimir"]
[Result "0-1"]
[WhiteElo "1903"]
[BlackElo "2525"]
[Annotator "Gabriele Ballarin"]
[PlyCount "80"]
[EventDate "2014.12.14"]
[EventType "swiss"]
[EventRounds "9"]
[EventCountry "ITA"]

1. d4 Nf6 2. c4 Nc6 3. Nf3 e6 4. Nc3 Bb4 5. Bd2 O-O 6. e3 d6 7. Be2 e5 8. d5 Ne7 9. O-O a5 10. a3 Bc5 11. e4 Ng6 12. Be3 Bxe3 13. fxe3 Bd7 14. Qd2 Qb8 15. a4 Qa7 16. Ne1 Be8 17. Nd3 Nd7 18. g3 Nc5 19. Nxc5 Qxc5 20. b3 Bd7 21. Kg2 Ne7 22. Bd3 g6 23. Rf2 Kg7 24. Raf1 f6 25. h3 Rf7 26. Rf3 Raf8 27. Nb5 b6 28. Nc3 h5 29. Bc2 c6 30. dxc6 Bxc6 31. Nd5 Nxd5 32. exd5 Bd7 33. e4 Qc8 34. Rh1 f5 35. Qg5 f4 36. g4 Rh8 37. Rh2 hxg4 38. hxg4 Bxg4 39. Rxh8 Bxf3+ 40. Kxf3 Qxh8 0-1

[Event "17.Città di Padova Open A"]
[Site "Padova"]
[Date "2014.12.16"]
[Round "3.26"]
[White "Sonis, Francesco"]
[Black "Krumm, Johannes"]
[Result "1/2-1/2"]
[WhiteElo "2206"]
[BlackElo "2014"]
[Annotator "Gabriele Ballarin"]
[PlyCount "107"]
[EventDate "2014.12.14"]
[EventType "swiss"]
[EventRounds "9"]
[EventCountry "ITA"]

1. e4 Nf6 2. e5 Nd5 3. d4 d6 4. c4 Nb6 5. exd6 cxd6 6. Nc3 g6 7. Be3 Bg7 8. Nf3 Bg4 9. Be2 O-O 10. b3 Nc6 11. O-O e5 12. d5 Ne7 13. Ng5 Bxe2 14. Qxe2 h6 15. Nge4 Nf5 16. Rad1 Nxe3 17. Qxe3 f5 18. Nd2 a6 19. f3 Nd7 20. b4 Qb6 21. Qxb6 Nxb6 22. c5 Rac8 23. Nb3 e4 24. Nxe4 fxe4 25. cxb6 exf3 26. Rxf3 Rxf3 27. gxf3 Bc3 28. a3 Bb2 29. Rb1 Bxa3 30. Na5 Bc1 31. Nxb7 Bf4 32. b5 axb5 33. Rxb5 Rb8 34. Na5 Rxb6 35. Rxb6 Be3+ 36. Kg2 Bxb6 37. Nc4 Bc5 38. Nd2 Kf7 39. Ne4 g5 40. f4 Kg6 41. Kf3 gxf4 42. Kxf4 Bg1 43. h4 Bh2+ 44. Kf3 Kf5 45. Nf2 h5 46. Nd3 Be5 47. Nf2 Bf6 48. Ne4 Be7 49. Ng3+ Ke5 50. Nxh5 Bxh4 51. Ng7 Kxd5 52. Nf5 Bf6 53. Kg4 Ke5 54. Nxd6 1/2-1/2

[Event "17.Città di Padova Open A"]
[Site "Padova"]
[Date "2014.12.16"]
[Round "3.27"]
[White "Mileto, Gabriele"]
[Black "Polese, Marco"]
[Result "1/2-1/2"]
[WhiteElo "2175"]
[BlackElo "1897"]
[Annotator "Gabriele Ballarin"]
[PlyCount "76"]
[EventDate "2014.12.14"]
[EventType "swiss"]
[EventRounds "9"]
[EventCountry "ITA"]

1. c4 Nf6 2. g3 g6 3. Bg2 Bg7 4. Nc3 O-O 5. e4 d6 6. Nf3 e5 7. O-O Nc6 8. d3 Nh5 9. Be3 Be6 10. Qd2 Qd7 11. Nd5 Nd4 12. Nxd4 exd4 13. Bh6 c6 14. Bxg7 Kxg7 15. Nf4 Nxf4 16. Qxf4 f6 17. b4 h5 18. h4 Qe7 19. Qd2 g5 20. f4 gxh4 21. f5 Bf7 22. gxh4 Qe5 23. Qf4 Kh7 24. Qxe5 dxe5 25. Kf2 Rfc8 26. a3 b5 27. cxb5 cxb5 28. Rfc1 Rc3 29. Rxc3 dxc3 30. Rc1 Rc8 31. Ke3 c2 32. Kd2 Bb3 33. Bf3 Kh6 34. Rg1 Bf7 35. Be2 a6 36. Kc1 Rc3 37. Kb2 Rb3+ 38. Kxc2 Rxa3 1/2-1/2

[Event "17.Città di Padova Open A"]
[Site "Padova"]
[Date "2014.12.16"]
[Round "3.28"]
[White "Desideri, Alessandro"]
[Black "Sorbera, Giovanni"]
[Result "0-1"]
[WhiteElo "1834"]
[BlackElo "2166"]
[Annotator "Gabriele Ballarin"]
[PlyCount "156"]
[EventDate "2014.12.14"]
[EventType "swiss"]
[EventRounds "9"]
[EventCountry "ITA"]

1. e4 c5 2. Nf3 Nc6 3. d3 Nf6 4. g3 d5 5. Nbd2 dxe4 6. dxe4 Qa5 7. c3 Bg4 8. Qe2 e5 9. Bg2 Be7 10. O-O O-O 11. Nc4 Qc7 12. Ne3 Be6 13. Ng5 Bd7 14. Nd5 Qc8 15. f4 Bd8 16. f5 Na5 17. b3 Nxd5 18. exd5 Bxg5 19. Bxg5 f6 20. Be3 b6 21. c4 Nb7 22. g4 Nd6 23. Be4 Kf7 24. h4 a5 25. a4 Ke7 26. Rf2 Kd8 27. Raf1 Kc7 28. Rg2 Qe8 29. Kf2 h5 30. Ke1 hxg4 31. Rxg4 Qh5 32. Qg2 g6 33. Bf3 gxf5 34. Rg7 Qxh4+ 35. Kd1 e4 36. Rh1 exf3 37. Rxd7+ Kxd7 38. Qg7+ Rf7 39. Qxf7+ Nxf7 40. Rxh4 Ng5 41. Rf4 Re8 42. Bc1 Rh8 43. Rxf5 Rh1+ 44. Kc2 Rh2+ 45. Kd3 f2 46. Be3 Rh3 47. Rxf2 Nf3 48. Ke4 Ne5 49. Bf4 Ng6 50. Be3 Ke7 51. d6+ Ke6 52. d7 Rh8 53. Rd2 f5+ 54. Kf3 Ne5+ 55. Kg3 Nxd7 56. Bf4 Rh1 57. Rd6+ Ke7 58. Rd5 Rb1 59. Rd3 Re1 60. Bd6+ Ke6 61. Bc7 Rg1+ 62. Kf2 Rg4 63. Rd6+ Ke7 64. Rh6 Rd4 65. Bxb6 Rd3 66. Bxa5 Nf6 67. Bd8+ Rxd8 68. Rg6 Rb8 69. Rg7+ Ke6 70. Rc7 Rxb3 71. Rc6+ Ke7 72. Ke2 Ne4 73. a5 Ra3 74. a6 Kd7 75. Rh6 Nd6 76. a7 Kc6 77. Rh7 Nxc4 78. Rh4 Nd6 0-1

[Event "17.Città di Padova Open A"]
[Site "Padova"]
[Date "2014.12.16"]
[Round "3.29"]
[White "Bordignon, Angelo"]
[Black "Lantini, Marco"]
[Result "0-1"]
[WhiteElo "1808"]
[BlackElo "2057"]
[Annotator "Gabriele Ballarin"]
[PlyCount "60"]
[EventDate "2014.12.14"]
[EventType "swiss"]
[EventRounds "9"]
[EventCountry "ITA"]

1. Nf3 d5 2. g3 Bg4 3. Bg2 Nd7 4. d3 e6 5. Nbd2 Bd6 6. h3 Bh5 7. O-O c6 8. Qe1 Qb6 9. Kh1 Ne7 10. a4 O-O 11. e4 Rac8 12. g4 Bg6 13. Nh4 Bf4 14. Nb3 Qc7 15. Nd4 dxe4 16. dxe4 Rcd8 17. Ne2 Bxc1 18. Qxc1 e5 19. a5 Nc5 20. b4 Ne6 21. c3 Rd3 22. Qc2 Bxe4 23. f3 Rfd8 24. Rae1 Bg6 25. Nxg6 Nxg6 26. f4 Ngxf4 27. Nxf4 exf4 28. h4 Qd6 29. h5 Nf8 30. Re2 Qf6 0-1

[Event "17.Città di Padova Open A"]
[Site "Padova"]
[Date "2014.12.16"]
[Round "3.30"]
[White "Fregonese, Giulio"]
[Black "Ballarin, Gabriele"]
[Result "1/2-1/2"]
[WhiteElo "2129"]
[BlackElo "1946"]
[Annotator "Gabriele Ballarin"]
[PlyCount "109"]
[EventDate "2014.12.14"]
[EventType "swiss"]
[EventRounds "9"]
[EventCountry "ITA"]

{[%mdl 8192] B27: Siciliana: 2 Cf3, seconde mosse inusuali del Nero} 1. e4 c5 2. c3 g6 3. d4 cxd4 4. Nf3 Bg7 5. Bc4 e6 6. O-O Ne7 7. Bg5 h6 8. Bh4 g5 9. Bg3 d5 10. exd5 Nxd5 11. Be5 Bxe5 12. Nxe5 dxc3 13. Nxc3 Nc6 14. Nxc6 bxc6 15. Qd4 O-O 16. Rad1 Qb6 17. Na4 Qxd4 18. Rxd4 Nb6 19. Bb3 Ba6 20. Rc1 Rac8 (20... Rfd8 $5 21. Nxb6 axb6 $15) 21. Nc5 Be2 22. f3 Rfd8 23. Rxd8+ (23. Rg4 $5 $11) 23... Rxd8 $17 24. Kf2 Rd2 25. Rc2 Rxc2 26. Bxc2 Bc4 27. b3 Bd5 28. Ke3 Kg7 29. a4 Kf6 30. a5 Nc8 31. g3 Ke7 32. f4 f6 33. Kd4 Kd6 34. Nb7+ Kc7 35. Nc5 Nd6 36. b4 Nf7 37. h4 e5+ 38. fxe5 Nxe5 39. hxg5 hxg5 40. Bf5 Nf3+ 41. Ke3 Kd6 42. Bc8 Ne1 (42... Ne5 43. Kd4 $17) 43. Bf5 Ke5 44. g4 (44. Bh7 $142 $5 $15) 44... Ng2+ $17 45. Kd3 Nh4 46. Bc8 f5 47. gxf5 Nxf5 48. Nd7+ Kf4 49. Nf6 {fin qui ho giocato abbastanza bene ora sciupo tutto il vantaggio} Bf3 {[%cal Yg5g4]} 50. Bd7 g4 51. Nxg4 (51. Nh5+ Kg5 $19) 51... Kxg4 (51... Bxg4 $6 52. Bxc6 Ne7 53. b5 $15) 52. Kc4 Kf4 $4 (52... Kg5 $142 $19) 53. Bxf5 $4 (53. Kc5 $142 $11) 53... Kxf5 $19 54. Kc5 (54. a6 Ke4 55. Kc5 Kd3 $19) 54... Ke6 (54... a6 $142 55. Kb6 Ke5 $19) 55. b5 $11 1/2-1/2

[Event "17.Città di Padova Open A"]
[Site "Padova"]
[Date "2014.12.16"]
[Round "3.31"]
[White "Redo, Giorgio"]
[Black "Hocevar, Nikola"]
[Result "1/2-1/2"]
[WhiteElo "2084"]
[BlackElo "1913"]
[Annotator "Gabriele Ballarin"]
[PlyCount "56"]
[EventDate "2014.12.14"]
[EventType "swiss"]
[EventRounds "9"]
[EventCountry "ITA"]

1. f4 d5 2. Nf3 g6 3. e3 Bg7 4. c4 Nf6 5. Nc3 O-O 6. Qb3 c6 7. d4 b6 8. cxd5 cxd5 9. Bd3 Ba6 10. Bxa6 Nxa6 11. Bd2 Nc7 12. O-O Qd6 13. Rac1 Rfc8 14. Rc2 e6 15. Rfc1 Qd8 16. Ne5 Nce8 17. Nb5 Rxc2 18. Qxc2 a6 19. Na3 Ne4 20. Nc6 Qd7 21. Bb4 N8d6 22. Ne5 Bxe5 23. fxe5 Rc8 24. Qd1 Rxc1 25. Qxc1 Qc8 26. Qxc8+ Nxc8 27. Kf1 Kg7 28. Ke2 f6 1/2-1/2

[Event "17.Città di Padova Open A"]
[Site "Padova"]
[Date "2014.12.16"]
[Round "3.32"]
[White "Bergamasco, Tommaso"]
[Black "Zangrando, Gianpietro"]
[Result "1-0"]
[WhiteElo "2012"]
[BlackElo "1867"]
[Annotator "Gabriele Ballarin"]
[PlyCount "105"]
[EventDate "2014.12.14"]
[EventType "swiss"]
[EventRounds "9"]
[EventCountry "ITA"]

1. e4 e6 2. d4 d5 3. Nd2 c5 4. exd5 Qxd5 5. Ngf3 cxd4 6. Bc4 Qd8 7. Nb3 Nc6 8. Nbxd4 Nxd4 9. Nxd4 Nf6 10. O-O Be7 11. Bf4 a6 12. a4 O-O 13. c3 Nd5 14. Bg3 Bf6 15. Nf3 Qb6 16. Qc2 Bd7 17. Bxd5 exd5 18. Be5 Rac8 19. a5 Qd8 20. Bxf6 Qxf6 21. Qd2 Rfe8 22. Nd4 Qg6 23. Rfe1 Bh3 24. g3 Re4 25. f3 Ree8 26. Rxe8+ Rxe8 27. Re1 Rxe1+ 28. Qxe1 h5 29. Qe8+ Kh7 30. Qe1 Kg8 31. Kf2 Kf8 32. Qe5 Kg8 33. Qb8+ Kh7 34. Qxb7 Qd3 35. Ne2 Be6 36. Qb6 Bd7 37. Qd4 Bb5 38. Qxd3+ Bxd3 39. Nf4 Bc4 40. Nxh5 Kg6 41. Nf4+ Kf5 42. Ke3 Ke5 43. Nd3+ Kd6 44. b4 f6 45. Nf4 g5 46. Nh5 Ke6 47. f4 Kf5 48. Ng7+ Kg6 49. Ne8 Kf5 50. Nd6+ Ke6 51. Nxc4 dxc4 52. fxg5 fxg5 53. Kd4 1-0

[Event "17.Città di Padova Open A"]
[Site "Padova"]
[Date "2014.12.16"]
[Round "3.33"]
[White "Antoniacci, Riccardo"]
[Black "Karkovic, Mate"]
[Result "0-1"]
[WhiteElo "1843"]
[BlackElo "1999"]
[Annotator "Gabriele Ballarin"]
[PlyCount "94"]
[EventDate "2014.12.14"]
[EventType "swiss"]
[EventRounds "9"]
[EventCountry "ITA"]

1. e4 c5 2. Nf3 Nc6 3. Bb5 e6 4. O-O Nge7 5. Re1 Qb6 6. Nc3 Nd4 7. Bf1 d6 8. Na4 Qa5 9. b3 g6 10. c3 Ndc6 11. Bb2 e5 12. c4 Bg4 13. Bc3 Qd8 14. h3 Bxf3 15. Qxf3 Bg7 16. g3 O-O 17. Qg2 f5 18. d3 Bh6 19. Rad1 Rf7 20. Bd2 Bxd2 21. Rxd2 Nd4 22. Be2 f4 23. f3 fxg3 24. Qxg3 g5 25. Bd1 Ng6 26. Kh2 Rf4 27. Rg1 h6 28. Rf2 Kh8 29. Nc3 Rh4 30. Nd5 Ne6 31. Kh1 Ngf4 32. Nxf4 Nxf4 33. Rh2 Qd7 34. Re1 Nxd3 35. Ree2 Nf4 36. Rd2 Rf8 37. b4 b6 38. bxc5 bxc5 39. Be2 Rb8 40. Bf1 Rb1 41. Kg1 Rxh3 42. Rxh3 Qxh3 43. Qf2 Qe6 44. Kh2 Qg6 45. Bh3 Qh5 46. Qg3 Nxh3 47. Qxh3 Rh1+ 0-1

[Event "17.Città di Padova Open A"]
[Site "Padova"]
[Date "2014.12.16"]
[Round "3.34"]
[White "Gallo, Enrico"]
[Black "Pompili, Ugo"]
[Result "1/2-1/2"]
[WhiteElo "1982"]
[BlackElo "1841"]
[Annotator "Gabriele Ballarin"]
[PlyCount "123"]
[EventDate "2014.12.14"]
[EventType "swiss"]
[EventRounds "9"]
[EventCountry "ITA"]

1. e4 e5 2. Nf3 Nc6 3. Bb5 a6 4. Ba4 d6 5. O-O Bg4 6. Bxc6+ bxc6 7. d3 Qf6 8. h3 h5 9. Re1 Ne7 10. Kf1 Be6 11. c4 g6 12. Nc3 Bh6 13. Bxh6 Rxh6 14. Qd2 Rh8 15. Ng5 Bd7 16. Ne2 Qg7 17. d4 f6 18. Nf3 g5 19. dxe5 dxe5 20. Red1 Ng6 21. Qa5 g4 22. hxg4 hxg4 23. Nfg1 Rc8 24. Rd3 Nf4 25. Nxf4 exf4 26. Rad1 Be6 27. Qc5 Qf7 28. Qxc6+ Kf8 29. b3 Qe7 30. Qxa6 Kg7 31. Qa5 Kg6 32. Qd2 Ra8 33. a4 f3 34. Qf4 fxg2+ 35. Kxg2 Qh7 36. Kf1 Rac8 37. Ke2 Qh5 38. Rg3 Kf7 39. Kf1 Qc5 40. Qe3 Qb4 41. e5 Rcd8 42. Re1 Rde8 43. Qf4 f5 44. Qg5 Qe7 45. Qxe7+ Kxe7 46. Ne2 Rb8 47. Nf4 Rhd8 48. Ke2 Rd4 49. Nxe6 Kxe6 50. Rc3 Kxe5 51. Ra1 Rbd8 52. Ra2 f4 53. f3 g3 54. Rc1 Rd3 55. a5 Re3+ 56. Kf1 Rxf3+ 57. Kg2 Rxb3 58. Re1+ Kf5 59. Re7 Rbd3 60. Rf7+ Kg5 61. Rg7+ Kf5 62. Rf7+ 1/2-1/2

[Event "17.Città di Padova Open A"]
[Site "Padova"]
[Date "2014.12.16"]
[Round "3.35"]
[White "Di Lazzaro, Gabriele"]
[Black "Favero, Graziano"]
[Result "1-0"]
[WhiteElo "1941"]
[BlackElo "1834"]
[Annotator "Gabriele Ballarin"]
[PlyCount "69"]
[EventDate "2014.12.14"]
[EventType "swiss"]
[EventRounds "9"]
[EventCountry "ITA"]

1. e4 d6 2. d4 Nf6 3. Nc3 g6 4. Be3 Bg7 5. Qd2 c6 6. Bh6 O-O 7. h4 Qa5 8. Bxg7 Kxg7 9. h5 gxh5 10. Be2 Rg8 11. Bf3 h6 12. Nge2 Qg5 13. Qxg5+ hxg5 14. e5 dxe5 15. dxe5 Ng4 16. Bxg4 Bxg4 17. f3 Bf5 18. Rxh5 f6 19. O-O-O Rh8 20. Rxh8 Kxh8 21. exf6 exf6 22. Rd8+ Kg7 23. Nd4 Bd7 24. Ne4 Kf7 25. Nc5 Ke7 26. Nxb7 c5 27. Nb3 c4 28. N3c5 Bc6 29. Rh8 Be8 30. Rh7+ Bf7 31. Rh8 Be8 32. Rh7+ Bf7 33. Nd8 Kxd8 34. Rxf7 Nc6 35. Rf8+ 1-0

[Event "17.Città di Padova Open A"]
[Site "Padova"]
[Date "2014.12.16"]
[Round "4.2"]
[White "Georgiev, Kiril"]
[Black "Godena, Michele"]
[Result "1-0"]
[WhiteElo "2628"]
[BlackElo "2495"]
[Annotator "Gabriele Ballarin"]
[PlyCount "139"]
[EventDate "2014.12.14"]
[EventType "swiss"]
[EventRounds "9"]
[EventCountry "ITA"]

1. d4 d5 2. Bf4 Bf5 3. e3 e6 4. c4 Bxb1 5. Qxb1 Bb4+ 6. Kd1 dxc4 7. Bxc4 Bd6 8. Bg3 c5 9. Bb5+ Kf8 10. Nf3 Bxg3 11. hxg3 Nf6 12. Qc2 cxd4 13. Nxd4 g6 14. Ke2 Kg7 15. Rac1 a6 16. Ba4 b5 17. Bb3 Qe7 18. Qc5 Ra7 19. Qxe7 Rxe7 20. Rhd1 Rhe8 21. Rc2 Rb7 22. Rdc1 Kf8 23. a3 Nbd7 24. Nc6 Rc8 25. f3 Rbc7 26. e4 Ne8 27. e5 Nb6 28. Na5 Rxc2+ 29. Rxc2 Rxc2+ 30. Bxc2 f6 31. f4 fxe5 32. fxe5 Ke7 33. Nc6+ Kf7 34. Bb3 Nc7 35. Ke3 h5 36. Kd4 Nd7 37. Bd1 Nd5 38. Bf3 Nc7 39. b3 Kg7 40. Na5 Kh6 41. Bc6 Nf8 42. Kc5 Kg5 43. Kb6 Nd5+ 44. Kxa6 Kg4 45. Kxb5 Kxg3 46. Nc4 g5 47. a4 Ng6 48. a5 Nge7 49. Bb7 h4 50. Nb6 Nc7+ 51. Kc5 Nf5 52. b4 g4 53. Nc4 Nd5 54. a6 h3 55. gxh3 gxh3 56. Bxd5 exd5 57. a7 h2 58. a8=Q h1=Q 59. Qxd5 Qg1+ 60. Kb5 Nd4+ 61. Ka6 Qa1+ 62. Kb6 Qc3 63. b5 Kf4 64. Nd6 Qe3 65. Qf7+ Nf5+ 66. Kb7 Kxe5 67. Nc4+ Kd4 68. Nxe3 Nd6+ 69. Kc7 Nxf7 70. b6 1-0

[Event "17.Città di Padova Open A"]
[Site "Padova"]
[Date "2014.12.16"]
[Round "4.7"]
[White "Brunello, Marina"]
[Black "Lazic, Miroljub"]
[Result "1-0"]
[WhiteElo "2254"]
[BlackElo "2459"]
[Annotator "Gabriele Ballarin"]
[PlyCount "49"]
[EventDate "2014.12.14"]
[EventType "swiss"]
[EventRounds "9"]
[EventCountry "ITA"]

1. e4 d6 2. d4 Nf6 3. Nc3 e5 4. Nf3 Nbd7 5. Bc4 Be7 6. O-O O-O 7. Re1 c6 8. a4 a5 9. h3 exd4 10. Nxd4 Nc5 11. Bf4 Ne8 12. Be3 Nxe4 13. Nxe4 d5 14. Ng3 dxc4 15. Ndf5 Bxf5 16. Nxf5 Nc7 17. Bb6 Bf6 18. Qg4 g6 19. Qg3 Qd7 20. Nh6+ Kg7 21. Ng4 Bd8 22. Be3 Re8 23. Bh6+ Kg8 24. Qxc7 Ra6 25. Rxe8+ 1-0

[Event "17.Città di Padova Open A"]
[Site "Padova"]
[Date "2014.12.16"]
[Round "4.11"]
[White "Pescatore, Lorenzo"]
[Black "Bonafede, Alessandro"]
[Result "0-1"]
[WhiteElo "2234"]
[BlackElo "2339"]
[Annotator "Gabriele Ballarin"]
[PlyCount "138"]
[EventDate "2014.12.14"]
[EventType "swiss"]
[EventRounds "9"]
[EventCountry "ITA"]

1. e4 g6 2. d4 Bg7 3. Nf3 c6 4. Nc3 d5 5. h3 Nh6 6. Bd3 f6 7. O-O Nf7 8. exd5 cxd5 9. Ne2 e5 10. dxe5 fxe5 11. Bb5+ Nc6 12. c4 d4 13. Ng3 O-O 14. Re1 Qe7 15. Ne4 Na5 16. c5 $11 Be6 17. b3 Bd5 18. Bd3 Bxe4 19. Bxe4 Qxc5 20. b4 Qxb4 21. Bd2 Qb6 22. Qa4 Nc6 23. Rab1 Qc7 24. Qb3 Rab8 25. Ng5 Ncd8 26. Bd5 h6 27. Bxf7+ Rxf7 28. Nxf7 Qxf7 29. f4 Qxb3 30. Rxb3 Kf7 31. fxe5 Ke6 32. Rg3 g5 33. h4 Nf7 34. hxg5 hxg5 35. Bxg5 Bxe5 36. Bf4 Kd5 37. Bxe5 Nxe5 38. Rh3 Nc6 39. Rb3 b5 40. Rg3 Ne5 41. Ra3 $11 Rb7 42. Kf1 Rf7+ 43. Ke2 Rg7 44. Kf1 Nc4 45. Rd3 a5 46. Re8 Nd6 47. Re1 b4 48. Rh3 Rg5 49. a3 Ne4 50. axb4 axb4 51. Rd3 Rf5+ 52. Kg1 Nc3 53. Re8 Kc4 54. Rd2 Rd5 55. Rc8+ Kb3 56. g4 d3 57. Kf1 Ne4 58. Ke1 Nd6 59. Rc1 Nc4 60. Rb1+ Kc3 61. Rc1+ Kd4 62. Rb1 Re5+ 63. Kd1 Nxd2 64. Kxd2 Re2+ 65. Kd1 Kc3 66. Rc1+ Rc2 67. g5 Rxc1+ 68. Kxc1 d2+ 69. Kd1 b3 0-1

[Event "17.Città di Padova Open A"]
[Site "Padova"]
[Date "2014.12.16"]
[Round "4.13"]
[White "Marguerettaz, Davy"]
[Black "Dragojlovic, Andjelko"]
[Result "1-0"]
[WhiteElo "2223"]
[BlackElo "2321"]
[Annotator "Gabriele Ballarin"]
[PlyCount "95"]
[EventDate "2014.12.14"]
[EventType "swiss"]
[EventRounds "9"]
[EventCountry "ITA"]

1. e4 c5 2. Nf3 g6 3. d4 cxd4 4. Nxd4 Bg7 5. Nc3 Nc6 6. Be3 Nf6 7. Bc4 O-O 8. O-O d6 9. h3 Na5 10. Bb3 b6 11. Qe2 Bb7 12. Bd5 e5 13. Bxb7 exd4 14. Bxa8 dxc3 15. Bd5 cxb2 16. Rad1 Qc7 17. Bd4 Nxd5 18. Bxg7 Nf4 19. Qd2 Nc4 20. Qxf4 Kxg7 21. Qg3 b5 22. Qc3+ Kg8 23. Rb1 Rc8 24. Rfd1 a5 25. Rd5 b4 26. Qd4 a4 27. h4 h5 28. g4 hxg4 29. h5 Ne5 30. Qxb2 gxh5 31. Qxb4 Qxc2 32. Rbd1 Rc4 33. Qxd6 Rxe4 34. Qh6 Nf3+ 35. Kh1 Re8 36. Rd8 Qe4 37. Qf6 Ne1+ 38. f3 Nxf3 39. Rxe8+ Qxe8 40. Rd8 Qxd8 41. Qxd8+ Kg7 42. Qa5 Kg6 43. Qxa4 f5 44. Qf4 h4 45. a4 Ng5 46. a5 Nh3 47. Qd6+ Kg5 48. a6 1-0

[Event "17.Città di Padova Open A"]
[Site "Padova"]
[Date "2014.12.16"]
[Round "4.14"]
[White "Santolini, Luigi"]
[Black "Boscolo, Federico Meneguolo"]
[Result "1/2-1/2"]
[WhiteElo "2117"]
[BlackElo "2303"]
[Annotator "Gabriele Ballarin"]
[PlyCount "64"]
[EventDate "2014.12.14"]
[EventType "swiss"]
[EventRounds "9"]
[EventCountry "ITA"]

1. d4 g6 2. c4 Bg7 3. Nc3 d6 4. e4 Nd7 5. Be3 e5 6. Nf3 Ngf6 7. h3 O-O 8. Qd2 c6 9. d5 cxd5 10. cxd5 b6 11. Bd3 Nc5 12. Bc2 Ba6 13. b4 Ncd7 14. Bd3 Bxd3 15. Qxd3 a5 16. Rb1 axb4 17. Rxb4 Nc5 18. Qb1 Ra3 19. Bd2 Nh5 20. O-O Nf4 21. Bxf4 exf4 22. Nb5 Ra6 23. Nbd4 Qa8 24. Re1 Rxa2 25. Rxb6 Ra4 26. Nb3 Nxb3 27. Qxb3 Rd8 28. Qd3 Ra3 29. Rb3 Ra2 30. Re2 Ra4 31. Qd2 Qa6 32. Re1 Qc4 1/2-1/2